000 00271nam a2200121Ia 4500
005 20251222154332.0
008 251222s9999||||xx |||||||||||||| ||spa||
082 _a860/A62A
100 _aAnĂ³nimo
245 0 _aEl Lazarillo de Tormes
264 _bMercurio
942 _cLIB
999 _c34176
_d34176